Owoce - Statystyki

Ogólne statystyki
  • Ten quiz został rozwiązany 3 razy
  • Średni wynik to 11 z 31
Statystyki odpowiedzi
Hint Odpowiedź % Poprawnych
awokado el aguacate
100%
kiwi el kiwi
67%
cytryna el limon
67%
mango el mango
67%
banan el platano
67%
pomidor el tomate
67%
truskawka la fresa
67%
jabłko la manzana
67%
pomarańcza la naranja
67%
gruszka la pera
67%
winogrono la uva
67%
ogórek el pepino
33%
oliwka la aceituna
33%
czereśnia la cereza
33%
śliwka la ciruela
33%
malina la frambuesa
33%
limonka la lima
33%
mandarynka la mandarina
33%
nektarynka la nectarina
33%
arbuz la sandia
33%
morela el albaricoque
0%
brzoskwinia el duranzo
0%
figa el higo
0%
jagoda la baya
0%
poziomka la fresa silvestre
0%
porzeczka la grosella
0%
wiśnia la guinda
0%
grejpfrut la toronja
0%
jeżyna la zarzamora
0%
kiść bananów penca de platano
0%
kiść winogron racimo de uvas
0%
Nie znaleziono quizów pasujących do podanych kryteriów
Rozkład punktacji
Procent ludzi z każdym wynikiem
Percentyl według liczby udzielonych odpowiedzi
Twoja historia wyników
Nie rozwiązałeś tego quizu